000 00646nam a2200217 i 4500
001 bg
100 1 _aMURKOWSKA, Małgorzata
245 1 0 _aProjektowanie elementów żelbetowych /
_cMałgorzata Murkowska.
260 _aPoznań :
_bWydaw. Politechniki Poznańskiej,
_c2004.
300 _a198, [2] s. :
_brys., tab., wykr. ;
_c24 cm.
504 _aBibliogr. s. 197-198.
650 9 _aKonstrukcje żelbetowe
_xprojekty
655 _aPodręczniki
020 _a8371435029
040 _cBPK
041 0 _apol
080 _a624.012.45.001.13/.14(075.8)
920 _a83-7143-502-9
942 _cKS
008 s pl f |000 0 pol
999 _c44546
_d44546
856 _uhttp://koha.tu.koszalin.pl/cgi-bin/koha/opac-detail.pl?biblionumber=44546
_yKatalog online BPK